The Political role of minority groups in the Middle East /

محفوظ في:

مؤلفون آخرون: McLaurin, R. D. 1944-1995

التنسيق: كتاب

اللغة: English

منشور في: New York : Praeger, c1979.

الموضوعات:

الوسوم: إضافة وسم

لا توجد وسوم, كن أول من يضع وسما على هذه التسجيلة!

رقم الطلب: DS62.8 .P65 1979

LEADER 00948nam a2200265 i 4500
003 OSt
005 20241017073241.0
008 130303s1979 nyu b 001 0 eng d
952 |0 0  |1 0  |2 lcc  |4 0  |6 DS00628 P65 01979  |7 1  |9 5779  |a ARCE  |b ARCE  |d 2020-09-08  |l 0  |o DS62.8 .P65 1979  |p 1014460  |r 2020-09-08 00:00:00  |w 2020-09-08  |y BK 
999 |c 9858  |d 9858 
010 |a 79020588 //r862 
020 |a 0030525969 
035 |a rdb01143556 
040 |c ARCE Library 
043 |a aw----- 
050 4 |a DS62.8 .P65 1979 
245 0 4 |a The Political role of minority groups in the Middle East /  |c edited by R. D. McLaurin. 
264 1 |a New York :  |b Praeger,  |c c1979. 
300 |a x, 316 pages ;  |c 24 cm. 
504 |a Includes bibliographic references (pages 297-306) and index. 
650 0 |a Minorities  |z Middle East. 
651 0 |a Middle East  |x Politics and government. 
700 1 |a McLaurin, R. D.   |q (Ronald De),   |d 1944-1995,   |9 35730 
901 |a reviewed 
942 |c BK  |2 lcc